[Event "Deltalift op"]
[Site "Halmstad"]
[Date "2024.05.09"]
[Round "2"]
[White "Persson, Birger"]
[Black "Sorensen, Hampus"]
[Result "0-1"]
[WhiteElo "2069"]
[BlackElo "2417"]
[PlyCount "146"]
[EventDate "2024.05.09"]
[EventType "swiss"]
[EventRounds "8"]
[EventCountry "SWE"]
[SourceTitle "CB21_2024"]
[SourceDate "2024.05.22"]
[SourceVersion "1"]
[SourceVersionDate "2024.05.22"]
[SourceQuality "1"]

1. d4 Nf6 2. Nf3 d5 3. c4 e6 4. Nc3 c6 5. e3 a6 6. Bd3 dxc4 7. Bxc4 b5 8. Bd3 Bb7 9. a4 b4 10. Ne4 Nbd7 11. 0-0 c5 12. Nxf6+ Nxf6 13. dxc5 Bxc5 14. Qe2 0-0 15. e4 h6 16. Bf4 Qe7 17. Rac1 Rac8 18. Rfd1 a5 19. Bb1 Rfd8 20. h3 Rxd1+ 21. Rxd1 Rd8 22. Rc1 Rc8 23. Bd3 Qe8 24. b3 Bb6 25. Be3 Bxe3 26. Qxe3 Rxc1+ 27. Qxc1 Qd7 28. Qe3 Qc7 29. Nd2 Qc3 30. Qe2 Nd7 31. Bb5 Nc5 32. Bc4 Qd4 33. e5 Nd7 34. Nf3 Qa1+ 35. Kh2 Bxf3 36. Qxf3 Qxe5+ 37. g3 Nb6 38. Bb5 Nd5 39. Be8 Qc7 40. Kg2 Kf8 41. Bb5 Qc3 42. Bc4 Qxf3+ 43. Kxf3 Nb6 44. Bb5 Ke7 45. Ke4 Kd6 46. f4 f6 47. g4 Kc5 48. h4 Nd5 49. Bc4 Nc3+ 50. Kd3 Kd6 51. Kd4 g5 52. hxg5 hxg5 53. fxg5 fxg5 54. Bd3 Nd5 55. Bc4 Nb6 56. Bd3 Nd7 57. Be2 Nc5 58. Kc4 e5 59. Bd1 Kc6 60. Bf3+ Kd6 61. Bd1 Ne6 62. Kb5 e4 63. Kxa5 Kc5 64. Ka6 Nd4 65. Kb7 Nxb3 66. Bxb3 e3 67. Bd1 b3 68. Bxb3 e2 69. a5 e1Q 70. a6 Qb4+ 71. Ka8 Qxb3 72. a7 Kb6 73. Kb8 Qg8# 0-1

[Event "EU-chT 24th"]
[Site "Budva"]
[Date "2023.11.13"]
[Round "3.9"]
[White "Sorensen, Hampus"]
[Black "Durarbayli, Vasif"]
[Result "0-1"]
[WhiteElo "2479"]
[BlackElo "2625"]
[PlyCount "73"]
[EventDate "2023.11.11"]
[EventType "team-swiss"]
[EventRounds "9"]
[EventCountry "MNE"]
[SourceTitle "CB47_2023"]
[SourceDate "2023.11.22"]
[SourceVersion "1"]
[SourceVersionDate "2023.11.22"]
[SourceQuality "1"]
[WhiteTeam "Sweden"]
[BlackTeam "Azerbaijan"]
[WhiteTeamCountry "SWE"]
[BlackTeamCountry "AZE"]

1. d4 d5 2. c4 c6 3. Nf3 Nf6 4. cxd5 cxd5 5. Nc3 Nc6 6. Bf4 Nh5 7. Be5 f6 8. Bg3 e6 9. e3 Qb6 10. a3 Bd7 11. Bd3 Nxg3 12. hxg3 Ne7 13. 0-0 g5 14. Na4 Bxa4 15. Qxa4+ Kf7 16. e4 dxe4 17. Bxe4 Bg7 18. Rac1 Rad8 19. Rc4 g4 20. Nd2 f5 21. Rb4 Rxd4 22. Nc4 Qa6 23. Bxb7 Qxa4 24. Rxa4 Rhd8 25. Rb4 Rb8 26. Rc1 Kg6 27. Kf1 Nd5 28. Bxd5 Rxb4 29. axb4 Rxd5 30. Re1 Kf7 31. Ra1 Bd4 32. Ke2 Kf6 33. Rh1 Kg6 34. Rd1 Bxf2 35. Rxd5 exd5 36. Ne5+ Kf6 37. Nd7+ 0-1

[Event "EU-chT 24th"]
[Site "Budva"]
[Date "2023.11.11"]
[Round "1.5"]
[White "Sorensen, Hampus"]
[Black "Bluebaum, Matthias"]
[Result "1/2-1/2"]
[WhiteElo "2479"]
[BlackElo "2670"]
[PlyCount "114"]
[EventDate "2023.11.11"]
[EventType "team-swiss"]
[EventRounds "9"]
[EventCountry "MNE"]
[SourceTitle "CB47_2023"]
[SourceDate "2023.11.22"]
[SourceVersion "1"]
[SourceVersionDate "2023.11.22"]
[SourceQuality "1"]
[WhiteTeam "Sweden"]
[BlackTeam "Germany"]
[WhiteTeamCountry "SWE"]
[BlackTeamCountry "GER"]

1. d4 d5 2. c4 c6 3. Nf3 Nf6 4. Nbd2 Bf5 5. Nh4 Be6 6. e3 g5 7. Nhf3 g4 8. Ne5 h5 9. b3 Nbd7 10. Bb2 Bg7 11. Nxd7 Qxd7 12. Bd3 Bf5 13. Qc2 Bxd3 14. Qxd3 0-0-0 15. 0-0-0 Qe6 16. Kb1 Kb8 17. Rhe1 Rd7 18. cxd5 cxd5 19. Ba3 Rc8 20. Rc1 Rdc7 21. Rxc7 Rxc7 22. Rc1 Rxc1+ 23. Kxc1 h4 24. Kd1 Bh6 25. g3 Bg5 26. Qb5 b6 27. Ke1 Kb7 28. Qd3 a6 29. Bb4 Nh5 30. Kd1 f5 31. a4 Nf6 32. Ba3 Qd7 33. Qc2 e6 34. Qc3 Ne8 35. Qb4 hxg3 36. hxg3 Bd8 37. Qf8 Bc7 38. Qh8 b5 39. axb5 Qxb5 40. Qh7 Nf6 41. Qe7 Ne4 42. Nxe4 Qxb3+ 43. Kd2 fxe4 44. Bd6 Qd3+ 45. Ke1 Qc3+ 46. Kf1 a5 47. Kg2 Qc6 48. Bxc7 Qxc7 49. Qxe6 a4 50. Qxd5+ Qc6 51. Qa5 Qa6 52. Qb4+ Kc6 53. Qc5+ Kd7 54. Qf5+ Qe6 55. Qb5+ Qc6 56. Qf5+ Qe6 57. Qb5+ Qc6 1/2-1/2

[Event "Uppsala Young Champions 10th"]
[Site "Uppsala"]
[Date "2023.10.29"]
[Round "4"]
[White "Omarsson, Adam"]
[Black "Sorensen, Hampus"]
[Result "0-1"]
[WhiteElo "1946"]
[BlackElo "2470"]
[PlyCount "52"]
[EventDate "2023.10.27"]
[EventType "swiss"]
[EventRounds "9"]
[EventCountry "SWE"]
[SourceTitle "Mega2024 Update 01"]
[Source "Chessbase"]
[SourceDate "2023.11.12"]
[SourceVersion "1"]
[SourceVersionDate "2023.11.12"]
[SourceQuality "1"]

1. d4 Nf6 2. c4 e6 3. Nc3 Bb4 4. e3 b6 5. Bd3 Bb7 6. Nf3 0-0 7. 0-0 c5 8. a3 Bxc3 9. bxc3 Ne4 10. Qc2 f5 11. Nd2 Nd6 12. e4 Nc6 13. Bb2 Rc8 14. d5 Ne7 15. e5 Nf7 16. f4 g5 17. g3 Ng6 18. Rf3 gxf4 19. gxf4 Nxf4 20. Rg3+ Kh8 21. Re1 Rg8 22. Kf2 Nh6 23. Bf1 Ng4+ 24. Kg1 Nxh2 25. Rxg8+ Qxg8+ 26. Kxh2 Qg4 0-1

[Event "Uppsala Young Champions 10th"]
[Site "Uppsala"]
[Date "2023.10.28"]
[Round "2"]
[White "Stefansson, Vignir Vatnar"]
[Black "Sorensen, Hampus"]
[Result "1/2-1/2"]
[WhiteElo "2484"]
[BlackElo "2470"]
[PlyCount "84"]
[EventDate "2023.10.27"]
[EventType "swiss"]
[EventRounds "9"]
[EventCountry "SWE"]
[SourceTitle "Mega2024 Update 01"]
[Source "Chessbase"]
[SourceDate "2023.11.12"]
[SourceVersion "1"]
[SourceVersionDate "2023.11.12"]
[SourceQuality "1"]

1. d4 Nf6 2. c4 e6 3. g3 d5 4. Bg2 Bb4+ 5. Nd2 0-0 6. Ngf3 b6 7. 0-0 a5 8. Ne5 Bb7 9. a3 Be7 10. b3 Ra7 11. Bb2 dxc4 12. Ndxc4 Bxg2 13. Kxg2 b5 14. Nd2 c5 15. Ndf3 Qd5 16. dxc5 Bxc5 17. Rc1 Rc7 18. Qxd5 Nxd5 19. e4 Nf6 20. Nd3 Nbd7 21. Bxf6 gxf6 22. Nd4 Rb8 23. Nxc5 Rxc5 24. Nc6 Ra8 25. Rfd1 Kf8 26. Nd4 b4 27. Ra1 Nb6 28. axb4 axb4 29. Rxa8+ Nxa8 30. Ra1 Nb6 31. Ra6 Nd7 32. Ra4 Rc1 33. Rxb4 Nc5 34. f3 Rb1 35. Rb8+ Kg7 36. b4 Nd3 37. b5 Rb2+ 38. Kh3 f5 39. exf5 Nf2+ 40. Kg2 Ng4+ 41. Kg1 Rb1+ 42. Kg2 Rb2+ 1/2-1/2

[Event "Wch U20 60th"]
[Site "Mexico City"]
[Date "2023.10.01"]
[Round "11"]
[White "Sorensen, Hampus"]
[Black "Abdrlauf, Elham"]
[Result "0-1"]
[WhiteElo "2470"]
[BlackElo "2541"]
[PlyCount "117"]
[EventDate "2023.09.21"]
[EventType "swiss"]
[EventRounds "11"]
[EventCountry "MEX"]
[SourceTitle "EXT 2024"]
[Source "ChessBase"]
[SourceDate "2023.10.10"]
[SourceVersion "1"]
[SourceVersionDate "2023.10.10"]
[SourceQuality "1"]

1. d4 Nf6 2. c4 e6 3. Nf3 d5 4. Bg5 Be7 5. e3 0-0 6. Qc2 h6 7. Bh4 c6 8. Nc3 Nbd7 9. Rd1 b6 10. Be2 Bb7 11. 0-0 Rc8 12. Qb1 dxc4 13. Bxc4 b5 14. Be2 b4 15. Ne4 Nxe4 16. Bxe7 Qxe7 17. Qxe4 Nf6 18. Qc2 c5 19. Qa4 Be4 20. Rc1 Bxf3 21. Bxf3 cxd4 22. exd4 Rfd8 23. Rxc8 Rxc8 24. Rd1 Rc7 25. g3 Qd6 26. Qa5 g5 27. h3 Kg7 28. Rd2 Nd7 29. a3 bxa3 30. bxa3 Qb6 31. Qxb6 Nxb6 32. Rd3 Kf6 33. Kg2 Ke7 34. Bd1 Kd6 35. Kf3 f5 36. Bb3 Rc1 37. Ke2 Nc4 38. Bxc4 Rxc4 39. Ke3 Kd5 40. Rb3 a6 41. Rd3 Rc1 42. Kd2 Rc4 43. Ke3 Ra4 44. h4 g4 45. h5 Rc4 46. Rb3 Rxd4 47. Ke2 Rc4 48. Kd2 e5 49. Ke2 f4 50. gxf4 exf4 51. Rb6 Rc6 52. Rb4 Rc4 53. Rb3 Rc2+ 54. Kf1 f3 55. Kg1 Ke5 56. Rb6 Rc1+ 57. Kh2 Rf1 58. Kg3 Rg1+ 59. Kh4 0-1

[Event "Wch U20 60th"]
[Site "Mexico City"]
[Date "2023.09.25"]
[Round "5"]
[White "Abdilkhair, Abilmansur"]
[Black "Sorensen, Hampus"]
[Result "0-1"]
[WhiteElo "2241"]
[BlackElo "2470"]
[PlyCount "148"]
[EventDate "2023.09.21"]
[EventType "swiss"]
[EventRounds "11"]
[EventCountry "MEX"]
[SourceTitle "EXT 2024"]
[Source "ChessBase"]
[SourceDate "2023.10.10"]
[SourceVersion "1"]
[SourceVersionDate "2023.10.10"]
[SourceQuality "1"]

1. e4 c6 2. c4 e5 3. Nc3 Bc5 4. Nf3 d6 5. Na4 Nd7 6. Be2 a5 7. Nxc5 dxc5 8. 0-0 Ne7 9. Nh4 Nf8 10. d3 Ne6 11. Bg4 Ng6 12. Nf5 0-0 13. Qf3 Nd4 14. Qg3 f6 15. Nxd4 Qxd4 16. Bh5 Nf4 17. Bxf4 exf4 18. Qxf4 Qxb2 19. a4 Qe5 20. Qxe5 fxe5 21. Rab1 Rb8 22. Rb6 Rd8 23. Be2 Kf8 24. Rfb1 Ra8 25. h3 Ra7 26. Kf1 h6 27. R6b3 Ke7 28. Kg1 Kd6 29. Kh2 Rf8 30. Kg3 Kc7 31. Bg4 Rf7 32. f3 Ra8 33. Kf2 Rb8 34. Rb6 Rf8 35. Ke3 Bxg4 36. hxg4 Rh8 37. R6b2 h5 38. Rf2 g5 39. Rh1 h4 40. Rb2 b6 41. Kd2 Kb7 42. Kc3 Ka6 43. Rbb1 Rhf8 44. Rhc1 Rbd8 45. Rh1 Rd4 46. Rb2 Rfd8 47. Rd1 R8d7 48. Kc2 Rb7 49. Rdb1 Rd8 50. Kc3 Rdb8 51. Ra2 Rf7 52. Rh1 Rd8 53. Rb2 Rfd7 54. Rd1 Rb7 55. Rdb1 Rf8 56. Kd2 h3 57. Ke3 hxg2 58. Rxg2 Rh8 59. Rgb2 Rh3 60. Kf2 Rh2+ 61. Kg3 Rxb2 62. Rxb2 b5 63. cxb5+ cxb5 64. Rc2 bxa4 65. Rxc5 a3 66. Rc1 Rb3 67. d4 exd4 68. Re1 Re3 69. Rd1 d3 70. e5 Kb5 71. e6 Kc4 72. e7 Rxe7 73. f4 Re3+ 74. Kf2 gxf4 0-1

[Event "Wch U20 60th"]
[Site "Mexico City"]
[Date "2023.09.21"]
[Round "1"]
[White "Martinez Flores, Matias"]
[Black "Sorensen, Hampus"]
[Result "0-1"]
[WhiteElo "1772"]
[BlackElo "2470"]
[PlyCount "92"]
[EventDate "2023.09.21"]
[EventType "swiss"]
[EventRounds "11"]
[EventCountry "MEX"]
[SourceTitle "EXT 2024"]
[Source "ChessBase"]
[SourceDate "2023.10.10"]
[SourceVersion "1"]
[SourceVersionDate "2023.10.10"]
[SourceQuality "1"]

1. e4 c5 2. Nf3 d6 3. d4 cxd4 4. Nxd4 Nf6 5. Nc3 Nc6 6. Bg5 e6 7. f4 h6 8. Bh4 Be7 9. Bb5 Qc7 10. Qf3 a6 11. Bxc6+ bxc6 12. 0-0-0 Bb7 13. f5 e5 14. Nb3 a5 15. a4 Rd8 16. Be1 0-0 17. g4 d5 18. exd5 cxd5 19. Nb5 Qb8 20. Nxa5 Ba8 21. Rg1 Qb6 22. Bd2 Ne4 23. Nb3 Rc8 24. Ba5 Qa6 25. Qe2 Bc6 26. Kb1 Qa8 27. Nc3 d4 28. Nb5 Bf6 29. Qe1 Ng5 30. Nd6 Nf3 31. Qf1 Nxg1 32. Nxc8 Rxc8 33. Qxg1 Bxa4 34. Qe1 Qg2 35. Rd2 Qxg4 36. Qf1 Bxb3 37. cxb3 Qe4+ 38. Ka2 Qd5 39. Bb4 Rb8 40. Ba3 Qxb3+ 41. Ka1 e4 42. Qa6 d3 43. Rg2 Kh7 44. Rd2 e3 45. Qxd3 exd2 46. Qxd2 Qxa3+ 0-1

[Event "Gothenburg Manhem"]
[Site "Gothenburg"]
[Date "2023.08.08"]
[Round "5"]
[White "Karlsson, Stefan2222"]
[Black "Sorensen, Hampus"]
[Result "0-1"]
[WhiteElo "1925"]
[BlackElo "2475"]
[PlyCount "52"]
[EventDate "2023.08.05"]
[EventType "tourn"]
[EventRounds "9"]
[EventCountry "SWE"]
[EventCategory "2"]
[SourceTitle "CBM 215 Extra"]
[Source "ChessBase"]
[SourceDate "2023.09.30"]
[SourceVersion "1"]
[SourceVersionDate "2023.09.30"]
[SourceQuality "1"]

1. e4 c5 2. Nf3 d6 3. c3 Nf6 4. Be2 g6 5. 0-0 Bg7 6. Bb5+ Nc6 7. d4 Qb6 8. Ba4 cxd4 9. cxd4 0-0 10. d5 Na5 11. Be3 Qxb2 12. Bd4 Qb4 13. Nbd2 b5 14. Bc2 Nc4 15. Rb1 Qa5 16. Nxc4 bxc4 17. Ba4 Bg4 18. h3 Bxf3 19. gxf3 Rab8 20. Qc2 Qc7 21. Bc6 Nh5 22. Bxg7 Kxg7 23. Qxc4 Nf4 24. Qd4+ f6 25. Kh2 Qc8 26. Kg3 Ne2+ 0-1